Datum a čas kvízu
21.5
Celkem bodů
Celkový počet nahraných bodů na tomto kvízu bez doplňovacích otázek.
8.
Pořadí na kvízu
Konečné umístění týmu na tomto kvízu.
Zaznamenané odpovědi
| # | Otázka | Odpověď | Body | Výsledky |
|---|---|---|---|---|
| 1. | Který z bývalých premiérů Česk... | Jiří Paroubek | 1 | |
| 2. | Evropský parlament minulý týde... | Alexej Navalnyj | 1 | |
| 3. | Minulý čtvrtek měl v českých k... | Duna | 1 | |
| 4. | Firma Apple opět vzbudila pozo... | Čisticí hadřík. | 1 | |
| 5. | Minulý týden začal nový ročník... | Vít Krejčí | 0 | |
| 6. | Toto téma začneme manželkami k... | 1A 2B 3D 4C | 1 | |
| 7. | Přesuneme se ke Králi popu. Ja... | Neverland | 1 | |
| 8. | Jak se nazývá klub, za který h... | West Ham United FC | 1 | |
| 9. | Mnoho deskových her využívá kr... | Shogi | 1 | |
| 10. | V roce 2021 streamovací platfo... | Král Šamanů (Shaman King) | 0 |